000 00501nam a2200181Ia 4500
003 GCL
008 140319s9999 xx 000 0 eng d
040 _aGCL /
_cGCL
082 0 4 _a025
_bV F
100 1 _aVICKERY, BRIAN C
245 1 0 _aFIFTY YEARS OF INFORMATION PROGRESS: JOURNAL OF DOCUMENTATION REVIEW /
_cVICKERY, BRIAN C
260 _a[S.N] :
_bASLIB ،
_c1994
300 _a234 P
650 0 4 _aINFORMATION
650 0 4 _aDOCUMENTATION
650 0 4 _aINFORMATION MANAGEMENT
942 _2ddc
_cBK
999 _c15772
_d15772